| 000 | 00547nam a22001697a 4500 | ||
|---|---|---|---|
| 003 | PILC | ||
| 005 | 20150930155449.0 | ||
| 008 | 150930b xxu||||| |||| 00| 0 eng d | ||
| 020 | _a0827350473 | ||
| 050 |
_aQP 34.5 _b.B959 1992 |
||
| 100 | _aBurke, Shirley R. | ||
| 245 |
_aHuman anatomy & physiology in health and disease : _blaboratory manual/workbook / _cShirley R. Burke. |
||
| 260 |
_aNew York : _bDelmar Publishers Inc., _c1992. |
||
| 300 |
_av, 196 pages : _billustrations ; _c24 cm. |
||
| 700 | _aBurke, Shirley R. | ||
| 942 |
_2lcc _cBK _kLOC |
||
| 999 |
_c288789 _d288789 |
||